100 Biggest Cities in Quebec - Statistics

General Stats
  • This quiz has been taken 2,322 times
    1,793 since last reset
  • The average score is 30 of 100
Answer Stats
Rank Population City % Correct
1 1,762,949 Montréal
100%
2 549,459 Quebec City
99%
3 438,366 Laval
91%
9 139,163 Trois-Rivières
83%
4 291,041 Gatineau
82%
6 172,950 Sherbrooke
80%
5 254,483 Longueuil
77%
8 144,723 Saguenay
77%
7 149,683 Lévis
72%
74 15,063 Gaspé
70%
15 79,258 Drummondville
67%
23 48,935 Rimouski
67%
35 32,752 Val-d'Or
57%
12 91,525 Brossard
56%
11 97,873 Saint-Jean-sur-Richelieu
55%
14 80,213 Saint-Jérôme
55%
22 49,620 Shawinigan
53%
10 119,944 Terrebonne
53%
25 47,760 Victoriaville
50%
18 59,819 Blainville
47%
16 69,025 Granby
47%
13 86,100 Repentigny
46%
19 57,239 Saint-Hyacinthe
44%
57 20,118 Rivière-du-Loup
42%
46 24,569 Sept-Îles
42%
29 42,313 Rouyn-Noranda
41%
37 30,331 Alma
40%
53 21,384 Joliette
39%
30 41,743 Boucherville
36%
40 28,312 Magog
36%
17 61,108 Mirabel
36%
26 45,276 Saint-Eustache
35%
56 20,687 Baie-Comeau
33%
21 50,815 Châteauguay
33%
31 35,165 Sorel-Tracy
33%
44 26,273 Saint-Bruno-de-Montarville
32%
27 43,268 Vaudreuil-Dorion
32%
38 30,045 Sainte-Julie
31%
41 28,308 Boisbriand
30%
36 31,444 Chambly
30%
34 32,935 Saint-Georges
30%
20 51,183 Mascouche
29%
47 24,104 Beloeil
27%
42 26,533 Sainte-Thérèse
25%
60 19,658 Westmount
25%
62 19,302 Dorval
24%
45 26,072 Thetford Mines
24%
98 11,357 Bromont
23%
50 22,997 Candiac
23%
82 13,987 Matane
23%
28 42,787 Salaberry-de-Valleyfield
23%
54 21,198 Varennes
23%
90 12,675 Amos
22%
24 48,403 Dollard-des-Ormeaux
22%
51 22,761 Saint-Lambert
22%
95 11,580 Saint-Sauveur
22%
43 26,406 La Prairie
20%
49 23,442 L'Assomption
20%
61 19,413 Kirkland
19%
73 15,221 Sainte-Anne-des-Plaines
19%
33 33,488 Pointe-Claire
18%
66 17,915 Deux-Montagnes
17%
78 14,180 Mont-Laurier
17%
80 14,090 Rosemère
17%
39 29,954 Saint-Constant
17%
89 13,134 Sainte-Marie
17%
55 20,953 Mont-Royal
16%
68 17,347 Sainte-Catherine
16%
63 19,277 Beaconsfield
14%
81 14,010 Sainte-Adèle
14%
64 18,859 Mont-Saint-Hilaire
13%
93 11,719 Rawdon
13%
100 11,211 Sainte-Agathe-des-Monts
13%
32 34,504 Côte Saint-Luc
12%
79 14,100 Lachute
12%
85 13,638 Beauharnois
11%
86 13,561 Bécancour
11%
72 15,234 Cowansville
11%
77 14,425 Lavaltrie
10%
58 19,907 Saint-Augustin-de-Desmaures
10%
92 11,740 Carignan
8%
70 16,970 L'Ancienne-Lorette
8%
52 22,354 Saint-Lazare
8%
83 13,718 Dolbeau-Mistassini
7%
99 11,332 Marieville
7%
76 14,626 Mercier
7%
97 11,427 Notre-Dame-de-l'Île-Perrot
7%
84 13,692 Prévost
7%
69 17,053 Saint-Basile-le-Grand
7%
59 19,797 Sainte-Marthe-sur-le-Lac
7%
88 13,322 Saint-Amable
6%
75 14,751 Pincourt
5%
67 17,740 Saint-Colomban
5%
65 18,080 Sainte-Sophie
5%
71 15,285 Saint-Charles-Borromée
4%
48 24,030 Saint-Lin-Laurentides
4%
96 11,449 Cantley
3%
91 12,190 Îles-de-la-Madeleine
3%
87 13,328 Val-des-Monts
3%
94 11,638 L'Île-Perrot
2%
No matching quizzes found
Score Distribution
Percent of People with Each Score
Percentile by Number Answered
Your Score History
You have not taken this quiz since the last reset